| 000 | 00507nam a2200193 a 4500 | ||
|---|---|---|---|
| 001 | 895 | ||
| 003 | CDMR | ||
| 005 | 20131031133141.0 | ||
| 008 | 130130s1996||||||||||||||||||||||||||||d | ||
| 020 | _a8425330300 | ||
| 040 |
_aCDMR _bcat _cCDMR |
||
| 100 | 1 |
_aArcher, Jeffrey _9698 |
|
| 245 | 1 | 3 |
_aEl cuarto poder _cJeffrey Archer ; traducción de José Manuel Pomares |
| 260 |
_aBarcelona _c1996 |
||
| 300 | _a569 p. | ||
| 650 | 0 | 4 |
_93221 _aLiteratura |
| 650 | 0 | 4 |
_9311 _aEmpreses periodístiques |
| 942 |
_cMON _2udc |
||
| 999 |
_c895 _d895 |
||